Histoire de France par lettre - G - Statistiques

Statistiques générales
  • Ce quiz a été pris 37 072 fois
    32 604 depuis la dernière actualisation
  • Le résultat moyen est 12 sur 20
Statistiques - réponses
Indices Réponses % Correct
Figure de la Résistance puis de la Ve République célèbre pour son appel du 18 juin 1940 Charles de Gaulle
99%
On la déguste à l'occasion de l'Epiphanie depuis le Moyen-Age Galette des rois
93%
Style architectural de Notre-Dame de Paris notamment Gothique
92%
Peuples celtes qui occupaient autrefois le territoire actuel de la France Gaulois
90%
Prénom de Clemenceau, Brassens ou encore Pompidou Georges
89%
Elle a notamment pris la vie de Louis XVI, Jeanne du Barry ou encore Robespierre Guillotine
87%
Colonie pénale d'Amérique du Sud (re)devenue département en 1946 Guyane
82%
Nom donné à la Première Guerre mondiale, notamment avant qu'une seconde lui succède Grande Guerre
80%
Survivants de la Première Guerre mondiale atteints de graves séquelles physiques Gueules cassées
74%
Mois du calendrier républicain et roman d'Emile Zola Germinal
70%
Ville moquée et surnommée Grelibre par Louis XVIII (et pas les révolutionnaires) Grenoble
63%
Surnom de Charles III, Roi des Francs et Empereur d'Occident Charles le {Gros}
51%
Province correspondant à la Lozère moderne dont la bête commit une centaine d'agressions souvent mortelles entre 1764 et 1767 Gévaudan
48%
Impôt sur le sel très impopulaire sous l'Ancien Régime Gabelle
41%
Siège au cours duquel les troupes menées par Vercingétorix repoussèrent les Romains Gergovie
37%
Commune normande abritant la maison et les jardins de Claude Monet Giverny
32%
Proclamateur et figure de la IIIe République, il quitta Paris assiégée en ballon en 1870 Léon Gambetta
19%
Duché de 1453 à 1790 dont Bordeaux était la capitale Guyenne
14%
Premier Président à être réélu, il démissionne à l'issue du scandale des décorations en 1887 Jules Grévy
14%
Famille de la noblesse lorraine très influente pendant les guerres de religion Guise
13%
Aucun quiz correspondant
Distribution des résultats
% des personnes avec chaque résultat
Percentile par nombre de réponses
Votre historique - résultats
Vous n’avez pas pris ce quiz depuis la dernière actualisation